000 00947nam a22002417a 4500
005 20160418143110.0
010 _a1516EN07 ENG-114373
020 _a9789339290617
_c330.00
035 _aEN-97905
035 _aB-600654-687
037 _adpl
_bPragati/Ven
037 _bDBAD/PUB
082 _a910
100 _aMajid Husain
245 _aObjective Indian & world geography :
_bgeneral studies paper-1 for Civil Services preliminary examination /
_cby Majid Husain
260 _aNew Delhi
_bMcGraw Hill Education
_c2015
270 _aP-24, Green Park Extension
_bNew Delhi
_e110016
300 _avarious pagings:
_c24cm(pbk)
_bill.,maps
490 _aMcGraw Hill Education winning edge series
500 _aIncludes bibliographical references
942 _2ddc
_cEN
_mMAJ
_h910
999 _c95687
_d95687